Einheiten Abkürzungen - Statistiken

Allgemein
  • Dieses Quiz wurde 2.331 mal gespielt
  • Das Durchschnittsergebnis liegt bei 14 aus 17
Antwortstatistiken
Abkürzung Einheit % Korrekt
kg Kilogramm
98%
m Meter / Milli
97%
°C Grad Celsius
96%
min Minute
95%
Hz Hertz
94%
V Volt
92%
W Watt
91%
A Ampere
85%
s Sekunde
85%
dm³ Kubikdezimeter
84%
J Joule
83%
mol Mol
83%
Ω Ohm
82%
N Newton
79%
Pa Pascal
78%
µg Mikrogramm
73%
lm Lumen
35%
Keine übereinstimmenden Quizze gefunden
Verteilung der Resultate
Anzahl Personen mit jedem Resultat
Perzentil nach korrekt beantworteten Fragen
Ihre Resultats-Entwicklung
Sie haben dieses Quiz noch nicht gespielt